| 000 | 00486nam a22001817a 4500 | ||
|---|---|---|---|
| 003 | JO-AjAnu | ||
| 005 | 20241022090632.0 | ||
| 008 | 241020b jo ||||| |||| 00| 0 ara d | ||
| 020 | _a2-728-78627-1-978 | ||
| 040 | _cJO-AjAnu | ||
| 041 | _hENG | ||
| 100 |
_aStuart, Matt _eAuthor _966357 |
||
| 245 |
_aThink Like a Street Photographer _c / Matt Stuart |
||
| 260 |
_aChina: _bAsia Pacific Offest Ltd, _c 2021 |
||
| 300 | _a127: pages | ||
| 650 | _vPhotographer | ||
| 942 |
_2lcc _cBK _n0 |
||
| 999 |
_c33784 _d33784 |
||